Kolostrálne mlieko a jeho benefity bakalárska práca
Salvato in:
| Autore principale: | |
|---|---|
| Natura: | Libro |
| Lingua: | slovacco |
| Pubblicazione: |
Bratislava
STU FCHPT
2014
|
| Accesso online: | Visualizza in OPAC |
| Tags: |
Nessun Tag, puoi essere il primo ad aggiungerne!!
|
MARC
| LEADER | 00000nam a2200000 a 4500 | ||
|---|---|---|---|
| 005 | 20260127134339.0 | ||
| 008 | 140825 2014 000 0 slo d | ||
| 035 | |a vtls010616177 | ||
| 039 | 9 | |y 201408251210 |z mschk03 | |
| 040 | |a STUSCHK1 |b slo |c STUSCHK1 |e AACR2 | ||
| 100 | 1 | |a Časnochová, Erika | |
| 245 | 1 | |a Kolostrálne mlieko a jeho benefity |b bakalárska práca |c Erika Časnochová | |
| 260 | |a Bratislava |b STU FCHPT |c 2014 | ||
| 300 | |a 36 s. |b Obr. |c 30 cm | ||
| 500 | |a Obhájené: 15.7.2014 | ||
| 500 | |a Štud. program: výživa-kozmetika-ochrana zdravia | ||
| 500 | |a Štud. odbor: potravinárstvo | ||
| 500 | |a Škol. pracovisko: Odd. potravinárskej technológie | ||
| 500 | |a Evid. číslo: FCHPT-13046-43163 | ||
| 910 | |a SCHK95 | ||
| 999 | |c 10464 |d 10464 | ||